[Event "Anapa op"]
[Site "Anapa"]
[Date "2009.09.08"]
[Round "9"]
[White "Nikiligorskiy, Konstantin"]
[Black "Mamoshin, Valery"]
[Result "1/2-1/2"]
[WhiteElo "2152"]
[BlackElo "2276"]
[PlyCount "71"]
[EventDate "2009.08.31"]
[EventType "swiss"]
[EventRounds "9"]
[EventCountry "RUS"]
[SourceTitle "CBM 132 Extra"]
[Source "ChessBase"]
[SourceDate "2009.11.03"]
[SourceVersion "1"]
[SourceVersionDate "2009.11.03"]
[SourceQuality "1"]

1. c4 e5 2. Nc3 Nc6 3. g3 f5 4. Bg2 Nf6 5. d3 Bc5 6. e3 d6 7. Nge2 Bb6 8. a3 Be6 9. b4 Qd7 10. 0-0 0-0 11. Qc2 Rae8 12. Bd2 Ne7 13. Na4 c6 14. c5 dxc5 15. bxc5 Bc7 16. Rab1 Rb8 17. Rfd1 f4 18. exf4 Bd5 19. fxe5 Bxg2 20. Kxg2 Qd5+ 21. f3 Ng4 22. Qb3 Nxe5 23. Qxd5+ Nxd5 24. Nf4 Nxf3 25. Nxd5 Nxd2 26. Rxd2 cxd5 27. Rdb2 Rbe8 28. Rxb7 Re2+ 29. Kh3 Bd8 30. Rxa7 h5 31. Nc3 Rc2 32. Nxd5 Rff2 33. Rh1 g5 34. Ne7+ Kf7 35. Nd5+ Ke6 36. Ne3 1/2-1/2

[Event "Anapa op"]
[Site "Anapa"]
[Date "2009.09.07"]
[Round "8"]
[White "Furtuna, Alexei"]
[Black "Nikiligorskiy, Konstantin"]
[Result "0-1"]
[WhiteElo "2318"]
[BlackElo "2152"]
[PlyCount "190"]
[EventDate "2009.08.31"]
[EventType "swiss"]
[EventRounds "9"]
[EventCountry "RUS"]
[SourceTitle "CBM 132 Extra"]
[Source "ChessBase"]
[SourceDate "2009.11.03"]
[SourceVersion "1"]
[SourceVersionDate "2009.11.03"]
[SourceQuality "1"]

1. d4 d5 2. Nf3 Nf6 3. c4 c6 4. Qc2 g6 5. Bf4 Bg7 6. e3 0-0 7. Nc3 Nbd7 8. h3 a6 9. cxd5 cxd5 10. Qb3 Nb8 11. Ne5 e6 12. Be2 Nfd7 13. Nxd7 Nxd7 14. 0-0 b6 15. Rfc1 Bb7 16. a4 Rc8 17. Na2 e5 18. dxe5 Rxc1+ 19. Rxc1 Nxe5 20. Rd1 Nd7 21. Bd6 Re8 22. Bf3 Nf6 23. Bf4 Ne4 24. Bxe4 Rxe4 25. Nc3 Bxc3 26. bxc3 Qf6 27. Rb1 Re6 28. Rd1 Re4 29. Bc7 Rc4 30. Bxb6 Qxc3 31. Qxc3 Rxc3 32. Bd4 Rc4 33. Rb1 Bc8 34. a5 f5 35. Kh2 Rc6 36. Kg3 g5 37. Rb8 Kf7 38. h4 gxh4+ 39. Kxh4 Kg6 40. Kg3 Kg5 41. Be5 h5 42. Ra8 Rc5 43. f4+ Kh6 44. Kf3 h4 45. Rb8 Rc6 46. Rb1 Rg6 47. Rh1 Kh5 48. Rc1 Bd7 49. Rc7 Bb5 50. Rh7+ Rh6 51. Rf7 Bd3 52. Bf6 Kg6 53. Rf8 h3 54. gxh3 Rxh3+ 55. Kf2 Rh2+ 56. Kg3 Rc2 57. Bd4 Rc6 58. Kh4 Be4 59. Rb8 Bd3 60. Rb7 Kh6 61. Rb6 Bb5 62. Rb8 Bd3 63. Rd8 Be4 64. Rg8 Bd3 65. Rb8 Bc2 66. Kg3 Bd3 67. Rd8 Be4 68. Kf2 Kh5 69. Kg3 Kh6 70. Rb8 Bd3 71. Kf2 Rc2+ 72. Ke1 Kh5 73. Rg8 Ra2 74. Bb6 Kh4 75. Kd1 Kh3 76. Kc1 Rc2+ 77. Kd1 Ra2 78. Rd8 Be4 79. Rg8 Bd3 80. Rg6 Be4 81. Bd8 Bd3 82. Rd6 Bc4 83. Kc1 Kg4 84. Kb1 Re2 85. Bb6 Kf3 86. Rh6 Ke4 87. Rh1 Kd3 88. Bd4 Ra2 89. Bb6 Kc3 90. Rc1+ Kb3 91. Rd1 Rg2 92. Kc1 Rc2+ 93. Kb1 Be2 94. Rd4 Rc3 95. Rd2 Bd3+ 0-1

[Event "Anapa op"]
[Site "Anapa"]
[Date "2009.09.06"]
[Round "7"]
[White "Nikiligorskiy, Konstantin"]
[Black "Matsenko, Elena"]
[Result "1/2-1/2"]
[WhiteElo "2152"]
[BlackElo "2049"]
[PlyCount "79"]
[EventDate "2009.08.31"]
[EventType "swiss"]
[EventRounds "9"]
[EventCountry "RUS"]
[SourceTitle "CBM 132 Extra"]
[Source "ChessBase"]
[SourceDate "2009.11.03"]
[SourceVersion "1"]
[SourceVersionDate "2009.11.03"]
[SourceQuality "1"]

1. c4 c6 2. Nf3 Nf6 3. d4 d5 4. Qc2 e6 5. g3 Bd6 6. Bg2 Nbd7 7. 0-0 0-0 8. Rd1 Qe7 9. b3 dxc4 10. bxc4 e5 11. d5 cxd5 12. cxd5 e4 13. Nd4 Nc5 14. Nb5 Be5 15. N1c3 Bd7 16. Rb1 a6 17. Nd4 Rac8 18. Ba3 Bd6 19. Rb6 Qe5 20. Qd2 Rfe8 21. f4 exf3 22. Nxf3 Qe7 23. Qd4 Nce4 24. Bxd6 Nxd6 25. e4 Nfxe4 26. Nxe4 Nxe4 27. Re1 f5 28. Rxb7 Qd6 29. Nd2 Nxd2 30. Qxd2 Qc5+ 31. Kh1 Rxe1+ 32. Qxe1 Re8 33. Qa1 Qf2 34. Rb1 Re2 35. Rg1 Rxa2 36. Qe5 Re2 37. Qb8+ Re8 38. Qb4 Re2 39. Qb8+ Re8 40. Qb4 1/2-1/2

[Event "Anapa op"]
[Site "Anapa"]
[Date "2009.09.05"]
[Round "6"]
[White "Bobrov, Alexey"]
[Black "Nikiligorskiy, Konstantin"]
[Result "1/2-1/2"]
[WhiteElo "2029"]
[BlackElo "2152"]
[PlyCount "54"]
[EventDate "2009.08.31"]
[EventType "swiss"]
[EventRounds "9"]
[EventCountry "RUS"]
[SourceTitle "CBM 132 Extra"]
[Source "ChessBase"]
[SourceDate "2009.11.03"]
[SourceVersion "1"]
[SourceVersionDate "2009.11.03"]
[SourceQuality "1"]

1. d4 d5 2. Nf3 Nf6 3. g3 c6 4. Bg2 Bf5 5. 0-0 e6 6. c4 Bd6 7. Nc3 0-0 8. Nh4 Bg6 9. Nxg6 hxg6 10. Bg5 dxc4 11. Qc2 Be7 12. Rad1 Nbd7 13. e4 Rc8 14. Rfe1 Re8 15. Bxf6 Nxf6 16. d5 exd5 17. exd5 cxd5 18. Nxd5 Nxd5 19. Bxd5 Qb6 20. Re4 Bf6 21. Rxe8+ Rxe8 22. Qxc4 Re7 23. Bxf7+ Rxf7 24. Rd7 Be7 25. Rxe7 Qxf2+ 26. Kh1 Qf3+ 27. Kg1 Qf2+ 1/2-1/2